000 01247nmc a2200349 a 4500
003 AR-BaBNM
005 20251128205940.0
008 011101s1997 ||||||||||||||000 | spa||
040 _cAR-BaBNM
245 1 0 _aDel mundo de la bipolaridad al mundo de la globalización
_bpropuestas didácticas para la educación polimodal
260 _aRosario
_bHomo Sapiens Ediciones
_c1997
300 _a245 p.
_bgráfs., tablas, mapas
490 0 _aEducación
500 _aContiene listado de lectura y videos sugeridos para la enseñanza de de los cambios producidos en Europa del Este
500 _aAnexo con selección de prensa para utilizarlo como material didáctico p. 221-245
650 4 _aCIENCIAS SOCIALES
650 4 _aENSENANZA DE LA GEOGRAFIA
650 4 _aENSENANZA DE LA HISTORIA
650 4 _aMETODOS DE ENSENANZA
650 4 _aMATERIAL DIDACTICO
650 4 _aPRAXIS EDUCATIVA
650 4 _aPSICOLOGIA DE LA EDUCACION
653 _aCONSTRUCTIVISMO
653 _aINVESTIGACION EDUCATIVA
653 _aPROCESO DE ENSENANZA-APRENDIZAJE
700 1 _aArrondo, Cristina
700 1 _aBembo, Sandra
700 1 _aBesso Pianetto, María Elena
700 1 _aDonato, María del Carmen
942 _cBK
998 _cMariana
999 _c13436
_d13436